Partida do motor - Statistics

Estatísticas Gerais
  • Esse quiz foi jogado 21 vezes
  • A pontuação média é 14 de 22
Estatísticas das Respostas
Hint Resposta % Correto
8 Bateria ligada
100%
1 Calços retirar
100%
5 Fricção das manetes de acordo
100%
2 Gases abrir 2cm
100%
7 Gasolina tanque principal direito
100%
6 Magnetos ambos
100%
3 Mistura pobre
100%
4 Passo mínimo
100%
4 Área clarear
75%
1 Booster ligar
75%
5 Partida acionar por no máximo 10s
75%
3 Booster desligar
50%
6 Mistura levar para rica assim que o motor funcionar
50%
PANE Partida continuar acionando, mistura pobre, gases a frente, bateria interna ligada, magnetos desligar, gasolina fechar, corte hidráulico puxar, se o fogo continuar, partida soltar, bateria desligar, abandonaremos a anv
50%
* Partida livre?
50%
7 Pressão do óleo 25 PSI em 30s, caso contrário cortar o motor
50%
8 Gases 1200 RPM (não ultrapassar 1800 RPM)
25%
* Instrutor, vou injetar combustível na câmara
25%
2 Mistura levar para rica até que haja pequena indicação do fluxômetro, trazer para pobre em seguida
25%
9 Booster ligar com temperatura externa maior que 25°C ou motor apresentando oscilação e temperatura do óleo maior que 140°F
0%
10 Gases ajustar para 1800 RPM até a saída do Box
0%
* Instrutor, vou injetar combustível na câmara ligando a booster, levando a manete de mistura para rica até que haja pequena indicação do fluxômetro, trazendo para pobre, em seguida, e desligando a booster. Com a área devidamente clareada e a autorização do senhor vou acionar o interruptor de partida por no máximo 10s, levar a mistura para rica assim que o motor pegar. Em caso de fogo no motor na partida
0%
Nenhum quiz correspondente encontrado
Distribuição das Pontuações
Porcentagem de Pessoas com Cada Pontuação
Percentil de Números Respondidos
Sua Pontuação Histórica
Você não jogou esse quiz